00544nam a22001817a 450000500170000001000130001702000180003003500130004803700090006108200110007024500870008126000380016827000430020630000250024950000490027470000210032370000180034420210622123030.0 aB-740260 a9788125041474 aB-740260 bGift a418.02 aA companion to translation studies /cedited by Piotr Kuhiwczak [and] Karin Littau aNew DelhibOrient Blackswanc2011 a1/24, Asaf Ali RoadbNew Delhie110002 aix, 181p.c22cm(pbk) ainclude bibliographical references and index aKuhiwczak, Piotr aLittau, Karin